000 00709nam a2200205 a 4500
001 000033173
005 20250129073605.0
008 110331s1978 dr a c 000 0bspa d
040 _aDO-SdBNP
_bspa
_cBNPHU
082 _a923.27293
_bD812ba
100 1 _aBalcácer, Juan Daniel,
_d1949-
_96566
245 1 0 _aJuan Pablo Duarte :
_bel padre de la patria /
_cJuan Daniel Balcácer.
250 _aEdición escolar
260 _aSanto Domingo :
_bEdiciones Pedagógicas Dominicanas,
_c1978.
300 _a58 p. :
_bil. ;
_c28 cm.
600 1 0 _aDuarte, Juan Pablo,
_d1813-1876
_91494
651 0 _aRepública Dominicana --
_xHistoria --
_y1844-1930
_91009
910 _aValidado. Control de calidad
049 _aBNPD
999 _c32664
_d32664